Renaissance and renascences in Western art
Panofsky's study brings welcome light into the darkness. His subject is the character of Renaissance art--in the strictest sense of the word-and its uniqueness in comparison with art produced during earlier revivals of the classical heritage.
Zapisane w:
| 1. autor: | |
|---|---|
| Format: | Książka |
| Język: | Undetermined |
| Wydane: |
London
Paladin
1970
|
| Hasła przedmiotowe: | |
| Etykiety: |
Dodaj etykietę
Nie ma etykietki, Dołącz pierwszą etykiete!
|
| Thư viện lưu trữ: | Trung tâm Học liệu Trường Đại học Cần Thơ |
|---|
| LEADER | 00731nam a2200193Ia 4500 | ||
|---|---|---|---|
| 001 | CTU_108197 | ||
| 008 | 210402s9999 xx 000 0 und d | ||
| 082 | |a 709.4 | ||
| 082 | |b P195 | ||
| 100 | |a Panofsky, Erwin | ||
| 245 | 0 | |a Renaissance and renascences in Western art | |
| 245 | 0 | |c Erwin Panofsky | |
| 260 | |a London | ||
| 260 | |b Paladin | ||
| 260 | |c 1970 | ||
| 520 | |a Panofsky's study brings welcome light into the darkness. His subject is the character of Renaissance art--in the strictest sense of the word-and its uniqueness in comparison with art produced during earlier revivals of the classical heritage. | ||
| 650 | |a Art, Renaissance | ||
| 904 | |i Minh | ||
| 980 | |a Trung tâm Học liệu Trường Đại học Cần Thơ | ||